One, Two...Not Three XI Quiz Stats

 Plays Quiz Updated Mar 11, 2019

Support Sporcle.
Go Orange.
Score 0/31 Timer 10:00
4 Plays Today
% Correct
Constellations (Zodiac)
96.1%
Verdicts
93.9%
Ford Models
92.4%
Terms for Autograph
85.9%
Bait (Fishing)
83.4%
Parts of a Fence
83.2%
Terms for Friend
82.4%
Geologic Time Terms
81.9%
Greek Seas
81.5%
Major Missouri Cities
78.6%
Hawaiian _____
78.1%
Delights
77.8%
Parts of a Letter
75.8%
Popes (at Least 10)
74.2%
Cards
72%
Matters
71.4%
% Correct
Diets
71.3%
Massachusetts Patriots
69%
Sides
68.2%
Stations
67.5%
Chiefs
65.7%
Bills
65.6%
Revenue-Generating Franchises
64%
Parties
63.8%
Groups
59.2%
Things Washington, New York, and Denver
56%
Chets (Musicians)
50.1%
Guys
49.5%
Star Alliance Airlines
45.7%
Occupations
41.4%
Christians
38.7%

You're not logged in!

Compare scores with friends on all Sporcle quizzes.
OR
Log In
Forgot?

From the Vault

Artist by Painting

by The23

We hope that you Louvre this quiz.
Remove Ads.
Support Sporcle.
Get the best of Sporcle when you Go Orange. This ad-free experience offers more features, more stats, and more fun while also helping to support Sporcle. Thank you for becoming a member.

Show Comments

Extras

Top Quizzes Today


Score Distribution

Your Account Isn't Verified!

In order to create a playlist on Sporcle, you need to verify the email address you used during registration. Go to your Sporcle Settings to finish the process.

Report this User

Report this user for behavior that violates our Community Guidelines.

Details: